00613nam a2200217Ia 450000500170000000800410001702000150005808200230007324500300009626000390012630000160016565000190018165000140020065000100021465000110022465000180023570000220025394200060027595200990028199900150038020250325033802.0240331s9999 xx 000 0 und d a0415900298 bPSY23809a302.234 0aPsychoanalysis and Cinema aLondon;aNew YorkbRoutledgec1990 axi, 249 p., aPsychoanalysis aFeminism  aWomen aCinema aPostmodernism aKaplan, E. Aeedt cL 001040708LaWERCLbWERCLcSSCd2024-03-31l0o 302.234 PSYp3809r2024-03-31w2024-03-31yL c1398d1398